APEC Schools

The Fateful years Japan's adventure in the Philippines : (Record no. 9093)

000 -LEADER
fixed length control field nam a22 7a 4500
005 - DATE AND TIME OF LATEST TRANSACTION
control field 20220330235939.0
008 - FIXED-LENGTH DATA ELEMENTS--GENERAL INFORMATION
fixed length control field 220330b xxu||||| |||| 00| 0 eng d
020 ## - IDENTIFIER FOR THE MANIFESTATION
Identifier for the Manifestation 9789715422741
Binding paperback
040 ## - CATALOGING SOURCE
Language of Cataloging eng
Transcribing Agency APEC Schools Library
Description Conventions rda
082 ## - DEWEY DECIMAL CLASSIFICATION NUMBER
Classification number F 991.40
Author's Number W3949f 2010
100 ## - CREATOR
Preferred Name of the Person Weekley, Kathlyn
245 ## - TITLE AND STATEMENT OF RESPONSIBILITY
Preferred Title Proper The Fateful years Japan's adventure in the Philippines :
Remainder of Title 1941-1945 Volume 1/
Statement of Responsibility/Parallel Statement of Responsibility Kathlyn Weekley
264 ## - PUBLICATION STATEMENT
Place of publication, distribution, etc Quezon City ;
Publisher's Name/Parallel Publisher's Name University of the Philippines Press,
Copyright ©2010.
300 ## - PHYSICAL DESCRIPTION
Extent 475 pages :
Illustrative Content illustrations.
336 ## - RDA CONTENT
Source rdacontent
Content Type text
337 ## - RDA MEDIA
Source rdamedia
Media Type unmediated
338 ## - RDA CARRIER
Source rdacarrier
Carrier Type volume
651 ## - ADDED SUBJECT ACCESS POINT - GEOGRAPHIC NAME
Topical Term Philippines.
942 ## - ADDED ENTRY ELEMENTS (KOHA)
Source of Classification
Koha Item Type Non Fiction
Holdings
Library Site Location Shelving Location Source of Acquisition Full Classification Number Accession Number Koha Item Type
APEC Bacoor Library APEC Bacoor Library Filipiniana Institutional Fund F 991.40 W3949f 2010 B04-0000596 Non Fiction
APEC C. Raymundo Library APEC C. Raymundo Library Filipiniana Institutional Fund F 991.40 W3949f 2010 A07-0000519 Non Fiction
APEC Calumpang Library APEC Calumpang Library Filipiniana Institutional Fund F 991.40 W3949f 2010 B10-0000524 Non Fiction
APEC Dasmarinas Library APEC Dasmarinas Library Filipiniana Institutional Fund F 991.40 W3949f 2010 B03-0000559 Non Fiction
APEC Grace Park West Library APEC Grace Park West Library Filipiniana Institutional Fund F 991.40 W3949f 2010 A09-0000403 Non Fiction
APEC JRU Lipa Library APEC JRU Lipa Library Filipiniana Institutional Fund F 991.40 W3949f 2010 B12-0000579 Non Fiction
APEC Las Piñas Library APEC Las Piñas Library Filipiniana Institutional Fund F 991.40 W3949f 2010 C01-0000416 Non Fiction
APEC Marikina Heights Library APEC Marikina Heights Library Filipiniana Institutional Fund F 991.40 W3949f 2010 A08-0000427 Non Fiction
APEC Concepcion Dos Library APEC Marikina Heights Library Filipiniana Institutional Fund F 991.40 W3949f 2010 C02-0000382 Non Fiction
APEC Muntinlupa Library APEC Muntinlupa Library Filipiniana Institutional Fund F 991.40 W3949f 2010 B01-0000396 Non Fiction
APEC New Manila Library APEC New Manila Library Filipiniana Institutional Fund F 991.40 W3949f 2010 C03-0000411 Non Fiction
APEC North Fairview Library APEC North Fairview Library Filipiniana Institutional Fund F 991.40 W3949f 2010 A04-0000383 Non Fiction
APEC Ortigas Extension, Cainta Library APEC Ortigas Extension, Cainta Library Filipiniana Institutional Fund F 991.40 W3949f 2010 B09-0000412 Non Fiction
APEC Roxas Boulevard Library APEC Roxas Boulevard Library Filipiniana Institutional Fund F 991.40 W3949f 2010 B06-0000390 Non Fiction
APEC San Pablo, Laguna Library APEC San Pablo, Laguna Library Filipiniana Institutional Fund F 991.40 W3949f 2010 D01-0000284 Non Fiction
APEC Silangan, Pateros Library APEC Silangan, Pateros Library Filipiniana Institutional Fund F 991.40 W3949f 2010 B07-0000481 Non Fiction
APEC Sta. Rita Library APEC Sta. Rita Library Filipiniana Institutional Fund F 991.40 W3949f 2010 B02-0000502 Non Fiction
APEC Taytay Library APEC Taytay Library Filipiniana Institutional Fund F 991.40 W3949f 2010 B08-0000399 Non Fiction
APEC Tondo Library APEC Tondo Library Filipiniana Institutional Fund F 991.40 W3949f 2010 A10-0000408 Non Fiction
APEC V. Luna Library APEC V. Luna Library Filipiniana Institutional Fund F 991.40 W3949f 2010 A01-0000441 Non Fiction

Powered by Koha